Towards change (Record no. 4682)

MARC details
000 -LEADER
fixed length control field 00615nam a22002297a 4500
003 - CONTROL NUMBER IDENTIFIER
control field LK-CoMWRAF
005 - DATE AND TIME OF LATEST TRANSACTION
control field 20240229111823.0
008 - FIXED-LENGTH DATA ELEMENTS--GENERAL INFORMATION
fixed length control field 240127b2006 |||||||| |||| 00| 0 eng d
040 ## - CATALOGING SOURCE
Original cataloging agency LK-CoMWRAF
Modifying agency LK-CoMWRAF
Description conventions LK-CoMWRAF
041 ## - LANGUAGE CODE
Language code of text/sound track or separate title English
082 ## - DEWEY DECIMAL CLASSIFICATION NUMBER
Classification number 362.829
Item number TOW
942 ## - ADDED ENTRY ELEMENTS (KOHA)
Koha item type Books
700 ## - ADDED ENTRY--PERSONAL NAME
Personal name Jayasankar, Visuki
Relator Term compiler
700 ## - ADDED ENTRY--PERSONAL NAME
Personal name Kathiravelu, Srichitra
Relator Term compiler
700 ## - ADDED ENTRY--PERSONAL NAME
Personal name Felix, S.M.
Relator Term compiler
242 ## - TRANSLATION OF TITLE BY CATALOGING AGENCY
Title Mattrankalullaha
245 ## - TITLE STATEMENT
Title Towards change
260 ## - PUBLICATION, DISTRIBUTION, ETC. (IMPRINT)
Place of publication, distribution, etc. Batticaloa:
Name of publisher, distributor, etc. Care international,
Date of publication, distribution, etc. 2006
300 ## - PHYSICAL DESCRIPTION
Extent 110 p.
650 ## - SUBJECT ADDED ENTRY--TOPICAL TERM
Topical term or geographic name as entry element DOMESTIC VIOLENCE
650 ## - SUBJECT ADDED ENTRY--TOPICAL TERM
Topical term or geographic name as entry element Abused women-Sri Lanka
Holdings
Withdrawn status Lost status Damaged status Not for loan Permanent Location Current Location Date acquired Full call number Barcode Koha item type
        Resource center, Muslim Women's Research And Action Forum Resource center, Muslim Women's Research And Action Forum 2024-01-27 362.829 TOW RAF4920 Books
        Resource center, Muslim Women's Research And Action Forum Resource center, Muslim Women's Research And Action Forum 2024-02-29 362.829 TOW RAF5152 Books

Copyright © 2023 Muslim Women's Research and Action Forum (MWRAF), No 27/3, Anderson Road, Kalubowila, Dehiwela. Funded by The Asia Fundation